000
00258nam a2200109Ia 4500
008
190216s9999||||xx |||||||||||||| ||und||
100
_a
Kurup K K N
245
2
_a
A C Kannan Nair Oru Padanam
260
_b
Bhasha Institute
650
_a
Psycology
942
_c
BK
999
_c
40416
_d
40416